Test Cricket - Most Wickets by a left arm bowler - Statistics

General Stats
  • This quiz has been taken 558 times
  • The average score is 5 of 6
Answer Stats
Wickets Country Years Active Bowler % Correct
414 Pakistan 1985-2002 Wasim Akram
95%
313 Australia 2007-2015 Mitchell Johnson
86%
355 Sri Lanka 1994-2009 Chaminda Vaas
84%
362 New Zealand 1997-2014 Daniel Vettori
79%
433 Sri Lanka 1999-2018 Rangana Herath
77%
311 India 2000-2014 Zaheer Khan
72%
No matching quizzes found
Score Distribution
Percent of People with Each Score
Percentile by Number Answered
Your Score History
You have not taken this quiz